000
00291nam a2200109Ia 4500
008
200302s9999 xx 000 0 und d
100
_a
Scottish Civic Trust
245
_a
New uses for Older Buildings in Scotland
260
_b
Her Majesty's Stationery Office
260
_c
1981
300
_a
164 P.,
999
_c
518
_d
518